000 01373nam0a22003011 4500
001 v19\rc\1656365
005 20250619004757.0
035 _a(NLR Aleph) 004766677
090 _a4608977
_c4608977
100 _a20061002e18891889|||y0rusy50 ca
101 1 _arus
_achu
_cgre
102 _aRU
105 _ay z |||a|
200 1 _aСтихиры на рождество христово в новом переводе на церковно-славянский язык
210 _aМосква
_cУнив. тип.
_d[1889]
215 _a12 с.
300 _aВ конце 2-го произведения: Е.А.
309 _aБез тит. л. и обл.
311 _aОтт. из № 12 "Душеполез. чтения". 1889 г.
423 0 _11011#$arus$achu$cgre
_12001#$aСтихиры на богоявление господне, в новом переводе на церковно-славянский язык
_tСтихиры на богоявление господне, в новом переводе на церковно-славянский язык
488 0 _12001#$aДушеполезное чтение$v1889, № 12
_tДушеполезное чтение
702 0 _aЕ. А.
_4730
801 0 _aRU
_bNLR
_gpsbo
801 0 _aRU
_bRuMoRGB
_2psbo
801 1 _aRU
_bProSoft-M
_2rusmarc
852 _aNLR
_j18.277.3.263
942 _cBOOK
980 _aNB